Obras [de Marcos Moshinsky] : física teórica, 1956-1966 /
Compilación de textos escritos por el científico mexicano Marcos Moshinsky entre 1956 y 1966. En este volumen se incluye varios trabajos sobre los movimientos colectivos en los núcleos; el concepto de los paréntesis de transformación (brashinkets), que junto con T.A. Brody, introdujeron para funcion...
محفوظ في:
| المؤلف الرئيسي: | |
|---|---|
| مؤلفون آخرون: | |
| التنسيق: | كتاب |
| اللغة: | الإسبانية |
| منشور في: |
México :
El Colegio Nacional,
2008, c2008
|
| الموضوعات: | |
| الوسوم: |
لا توجد وسوم, كن أول من يضع وسما على هذه التسجيلة!
|
MARC
| LEADER | 00000nam^a2200000^a^4500 | ||
|---|---|---|---|
| 001 | 000303794 | ||
| 005 | 20250521000000.0 | ||
| 009 | 20260310112658.475 | ||
| 020 | |a 978-970-640-381-0 | ||
| 037 | |a Acervo ITESO - Biblioteca | ||
| 041 | |a ESP | ||
| 082 | |a 868. |b OBR MOS V. 4 | ||
| 100 | |a Moshinsky, Marcos |e (autor) | ||
| 240 | 1 | 1 | |a [Obras de El Colegio Nacional] |
| 240 | 1 | 1 | |a [Obras de Marcos Moshinsky] |
| 245 | 1 | 0 | |a Obras [de Marcos Moshinsky] : |b física teórica, 1956-1966 / |c M. Moshinsky ; comp. de F. Arenas. |
| 264 | 4 | |a México : |b El Colegio Nacional, |c 2008, c2008 | |
| 300 | |a XIII, 693 p. | ||
| 336 | |a texto |b txt |2 rdacontenido | ||
| 337 | |a sin mediación |b n |2 rdamedio | ||
| 338 | |a volumen |b nc |2 rdasoporte | ||
| 520 | |a Compilación de textos escritos por el científico mexicano Marcos Moshinsky entre 1956 y 1966. En este volumen se incluye varios trabajos sobre los movimientos colectivos en los núcleos; el concepto de los paréntesis de transformación (brashinkets), que junto con T.A. Brody, introdujeron para funciones de oscilador armónico entre otros. | ||
| 649 | |a XX | ||
| 650 | |a Oscilaciones - |x Tema Principal | ||
| 650 | |a Grupos - |x Teoría - |x Tema Principal | ||
| 650 | |a Física Nuclear - |x Tema Principal | ||
| 650 | |a Física - |x Investigación | ||
| 650 | |a Ciencia - |z México - |x Difusión | ||
| 650 | |a Literatura Científica, Profesional y Académica - |z México | ||
| 700 | |a Arenas, Fanny |e (compilación) | ||
| 910 | |a Fondo General | ||
| 920 | |a Impresos - Libros | ||
| 930 | |a Colección General | ||
| 940 | |a Literatura | ||
| 905 | |a 101 | ||
| 901 | |a 0500190160 |b IT1 |c LIT |u 20250521 | ||
| 902 | |a https://opac.biblio.iteso.mx/vufind/Record/000303794 | ||